000 01431nam a22003494a 4500
001 ebr10047448
003 CaPaEBR
006 m u
007 cr cn|||||||||
008 001211s2001 ne sb 001 0 eng
010 _z 00069267
020 _z0792368037 (acid-free paper)
040 _aCaPaEBR
_cCaPaEBR
035 _a(OCoLC)228049616
050 1 4 _aQC174.45
_b.B735 2001eb
082 0 4 _a530.14/3
_221
100 1 _aBorne, Thomas.
245 1 0 _aNonperturbative quantum field theory and the structure of matter
_h[electronic resource] /
_cby Thomas Borne, Georges Lochak, and Harald Stumpf.
260 _aDordrecht ;
_aBoston :
_bKluwer Academic Publishers,
_cc2001.
300 _axii, 327 p.
490 1 _aFundamental theories of physics ;
_vv. 114
504 _aIncludes bibliographical references (p. [300]-322) and index.
533 _aElectronic reproduction.
_bPalo Alto, Calif. :
_cebrary,
_d2013.
_nAvailable via World Wide Web.
_nAccess may be limited to ebrary affiliated libraries.
650 0 _aQuantum field theory.
650 0 _aPerturbation (Quantum dynamics)
655 7 _aElectronic books.
_2local
700 1 _aLochak, Georges.
700 1 _aStumpf, Harald.
710 2 _aebrary, Inc.
830 0 _aFundamental theories of physics ;
_vv. 114.
856 4 0 _uhttp://site.ebrary.com/lib/rucke/Doc?id=10047448
_zAn electronic book accessible through the World Wide Web; click to view
999 _c173701
_d173701